[Event "Scarborough Open 47th"]
[Site "Scarborough"]
[Date "2024.10.25"]
[Round "1.1"]
[White "Davies, Nigel Rodney"]
[Black "Cansdale, Zachary"]
[Result "1-0"]
[WhiteElo "2307"]
[BlackElo "1949"]
[PlyCount "105"]
[EventDate "2024.10.25"]
[EventType "swiss"]
[EventRounds "5"]
[EventCountry "ENG"]
[SourceTitle "BritBase"]
[Source "John Saunders"]
[SourceDate "2024.12.27"]
[SourceVersion "1"]
[SourceVersionDate "2024.12.27"]
[SourceQuality "1"]

1. d4 d5 2. c4 c6 3. Nf3 Nf6 4. Qb3 dxc4 5. Qxc4 Bf5 6. g3 e6 7. Bg2 Be7 8. O-O O-O 9. e3 Nbd7 10. Qe2 Qc7 11. Nc3 Ne4 12. Nh4 Bxh4 13. Nxe4 Bxe4 14. Bxe4 Bf6 15. Qc2 g6 16. Bd2 a5 17. Rfc1 Qb6 18. Rab1 Be7 19. h4 Nf6 20. Bf3 h5 21. a3 a4 22. Kg2 Rfd8 23. Be1 Qc7 24. Be2 Kg7 25. Rd1 Ng4 26. Bc3 Kg8 27. Bxg4 hxg4 28. Qe4 Qd7 29. Qxg4 Qd5+ 30. e4 Qh5 31. Qxh5 gxh5 32. Rd3 Rd7 33. Rbd1 Kh7 34. Kf3 Kg6 35. Ke2 b6 36. d5 cxd5 37. exd5 exd5 38. Rxd5 Rxd5 39. Rxd5 Rc8 40. Kd3 Rc6 41. Ke4 f5+ 42. Kd3 f4 43. gxf4 Bxh4 44. f5+ Kf7 45. Rd7+ Ke8 46. Rh7 Bxf2 47. Rxh5 Bc5 48. Rh8+ Kf7 49. Rh7+ Kg8 50. Ra7 b5 51. Rb7 Rb6 52. Rxb6 Bxb6 53. Ke4 1-0

[Event "Scarborough Open 47th"]
[Site "Scarborough"]
[Date "2024.10.25"]
[Round "1.2"]
[White "Longson, Sarah N"]
[Black "Boswell, Jacob Connor"]
[Result "0-1"]
[WhiteElo "1947"]
[BlackElo "2271"]
[PlyCount "49"]
[EventDate "2024.10.25"]
[EventType "swiss"]
[EventRounds "5"]
[EventCountry "ENG"]
[SourceTitle "BritBase"]
[Source "John Saunders"]
[SourceDate "2024.12.27"]
[SourceVersion "1"]
[SourceVersionDate "2024.12.27"]
[SourceQuality "1"]

1. e4 c5 2. Nc3 Nc6 3. Bb5 Nd4 4. Nf3 a6 5. Bd3 g6 6. e5 Qc7 7. O-O e6 8. Re1 Bg7 9. b3 d5 10. exd6 Qxd6 11. Bb2 Nf6 12. Nxd4 cxd4 13. Ne2 Ng4 14. Ng3 f5 15. Be2 Nf6 16. a4 Kf7 17. Bf3 e5 18. d3 Re8 19. a5 Nd5 20. Ba3 Qd8 21. Bxd5+ Qxd5 22. Qd2 Be6 23. f4 Bh6 24. Ne2 Bd7 25. Qb4 {Both players had stopped recording here.} 0-1

[Event "Scarborough Open 47th"]
[Site "Scarborough"]
[Date "2024.10.25"]
[Round "1.3"]
[White "Kalavannan, Koby"]
[Black "Bak, Christopher"]
[Result "1-0"]
[WhiteElo "2303"]
[BlackElo "1984"]
[PlyCount "87"]
[EventDate "2024.10.25"]
[EventType "swiss"]
[EventRounds "5"]
[EventCountry "ENG"]
[SourceTitle "BritBase"]
[Source "John Saunders"]
[SourceDate "2024.12.27"]
[SourceVersion "1"]
[SourceVersionDate "2024.12.27"]
[SourceQuality "1"]

1. Nf3 e6 2. g3 c5 3. Bg2 Nc6 4. O-O Nf6 5. c4 d5 6. d4 dxc4 7. dxc5 Qxd1 8. Rxd1 Bxc5 9. Nbd2 Nd5 10. Nxc4 b5 11. Nce5 Nxe5 12. Nxe5 Bb7 13. a4 a6 14. Nd3 Bd6 15. Nf4 Bxf4 16. Bxf4 Ke7 17. Bd2 Rhd8 18. e4 Nb6 19. Bb4+ Ke8 20. Rxd8+ Rxd8 21. Ba5 Nxa4 22. Bxd8 Kxd8 23. b4 Kc7 24. Rd1 Nb2 25. Rc1+ Kd7 26. f3 Nc4 27. Kf2 Kd6 28. Bf1 Ne5 29. Be2 Nc6 30. Rb1 e5 31. h4 Bc8 32. Bd1 Bd7 33. Ke3 a5 34. bxa5 Nxa5 35. Bb3 f6 36. Bg8 h6 37. Rd1+ Kc6 38. Bd5+ Kc5 39. Rc1+ Kd6 40. Ra1 Nc6 41. Bxc6 Kxc6 42. Kd3 h5 43. Kc3 Kb6 44. Kb4 1-0

[Event "Scarborough Open 47th"]
[Site "Scarborough"]
[Date "2024.10.25"]
[Round "1.4"]
[White "Cheng, Louis"]
[Black "Larchikov, Maksym"]
[Result "1-0"]
[WhiteElo "2047"]
[BlackElo "2077"]
[PlyCount "85"]
[EventDate "2024.10.25"]
[EventType "swiss"]
[EventRounds "5"]
[EventCountry "ENG"]
[SourceTitle "BritBase"]
[Source "John Saunders"]
[SourceDate "2024.12.27"]
[SourceVersion "1"]
[SourceVersionDate "2024.12.27"]
[SourceQuality "1"]

1. e4 c6 2. d4 d5 3. Nc3 dxe4 4. Nxe4 Bf5 5. Qf3 e6 6. Ne2 Nd7 7. N2g3 Bg6 8. h4 h6 9. Bf4 Ndf6 10. c3 Nxe4 11. Nxe4 Bxe4 12. Qxe4 Nf6 13. Qf3 Bd6 14. Bd3 Qc7 15. Bxd6 Qxd6 16. O-O-O Qd5 17. Qxd5 Nxd5 18. g3 h5 19. Be2 g6 20. Rhe1 Rd8 21. c4 Ne7 22. Bf3 O-O 23. Kc2 Nf5 24. Kc3 Rd7 25. Be4 Nd6 26. Bc2 Rfd8 27. a4 a5 28. Re5 b6 29. c5 bxc5 30. Rxc5 Nb7 31. Rxc6 e5 32. d5 Rxd5 33. Rxd5 Rxd5 34. Rxg6+ Kf8 35. Rg5 Rc5+ 36. Kb3 Nd6 37. Bd3 Rd5 38. Kc2 Rc5+ 39. Kd2 Rd5 40. Ke2 Rd4 41. b3 Ne4 42. Rxe5 Nc3+ 43. Ke3 1-0

[Event "Scarborough Open 47th"]
[Site "Scarborough"]
[Date "2024.10.25"]
[Round "1.5"]
[White "Milson, Samuel A"]
[Black "Leung, Hao Ran"]
[Result "0-1"]
[WhiteElo "2076"]
[BlackElo "2043"]
[PlyCount "90"]
[EventDate "2024.10.25"]
[EventType "swiss"]
[EventRounds "5"]
[EventCountry "ENG"]
[SourceTitle "BritBase"]
[Source "John Saunders"]
[SourceDate "2024.12.27"]
[SourceVersion "1"]
[SourceVersionDate "2024.12.27"]
[SourceQuality "1"]

1. e4 c5 2. Nc3 a6 3. Nf3 e6 4. d4 cxd4 5. Nxd4 b5 6. Be3 Bb7 7. f3 Nc6 8. Qd2 Bb4 9. Rd1 Nf6 10. a3 Be7 11. Qf2 Qc7 12. Nxc6 Bxc6 13. Be2 d5 14. exd5 Nxd5 15. Nxd5 Bxd5 16. O-O O-O 17. Bd3 Rac8 18. Rfe1 Bc5 19. Kh1 Bxe3 20. Qxe3 Qc5 21. Qf4 Bc4 22. Re5 Qe7 23. Re2 Rfd8 24. h3 Bxd3 25. cxd3 Rc5 26. d4 Rc4 27. Qe4 Qd7 28. Red2 Qd5 29. Qe3 Rdc8 30. f4 h5 31. Re2 Rd8 32. Red2 Rdc8 33. Re2 Rc2 34. Qd3 Rxe2 35. Qxe2 Rc4 36. Kh2 Rxd4 37. Rc1 Rxf4 38. Rc8+ Kh7 39. b4 Rc4 40. Rxc4 bxc4 41. a4 g6 42. Qf2 Qe5+ 43. Kh1 Kg7 44. Qc2 Qe1+ 45. Kh2 Qxb4 0-1

[Event "Scarborough Open 47th"]
[Site "Scarborough"]
[Date "2024.10.25"]
[Round "1.6"]
[White "Hepworth, Peter"]
[Black "Jarmany, John"]
[Result "1-0"]
[WhiteElo "1933"]
[BlackElo "2103"]
[PlyCount "95"]
[EventDate "2024.10.25"]
[EventType "swiss"]
[EventRounds "5"]
[EventCountry "ENG"]
[SourceTitle "BritBase"]
[Source "John Saunders"]
[SourceDate "2024.12.27"]
[SourceVersion "1"]
[SourceVersionDate "2024.12.27"]
[SourceQuality "1"]

1. d4 f5 2. Nf3 Nf6 3. e3 d6 4. Be2 g6 5. O-O Bg7 6. b4 O-O 7. Bb2 Ne4 8. Nbd2 Nxd2 9. Qxd2 h6 10. c4 Qe8 11. d5 e5 12. dxe6 Bxe6 13. Bxg7 Kxg7 14. Nd4 Bf7 15. Qc3 Kh7 16. a4 Nd7 17. Nb5 Qc8 18. a5 a6 19. Na3 Qd8 20. Bf3 Rb8 21. Rad1 Qe7 22. g3 Ne5 23. Bg2 c6 24. e4 fxe4 25. Bxe4 Rbe8 26. Bg2 Be6 27. f4 Ng4 28. h3 Nf6 29. Rde1 Qf7 30. Qd4 d5 31. c5 Bf5 32. Re5 Nd7 33. Ree1 Nf6 34. Re5 Be4 35. Nb1 Nd7 36. Rxe8 Rxe8 37. Nd2 Bxg2 38. Kxg2 Nf6 39. Qd3 Qe6 40. Qd4 Qf5 41. Rf2 Qe6 42. Nf3 Nd7 43. Ne5 Kg8 44. Re2 Nxe5 45. fxe5 Rf8 46. Qe3 Qf5 47. e6 Kg7 48. g4 1-0

[Event "Scarborough Open 47th"]
[Site "Scarborough"]
[Date "2024.10.25"]
[Round "1.7"]
[White "Szekely, Virgil"]
[Black "Rughani, Mahin"]
[Result "1/2-1/2"]
[WhiteElo "2012"]
[BlackElo "1921"]
[PlyCount "60"]
[EventDate "2024.10.25"]
[EventType "swiss"]
[EventRounds "5"]
[EventCountry "ENG"]
[SourceTitle "BritBase"]
[Source "John Saunders"]
[SourceDate "2024.12.27"]
[SourceVersion "1"]
[SourceVersionDate "2024.12.27"]
[SourceQuality "1"]

1. b3 d5 2. Bb2 Nf6 3. e3 b6 4. Bb5+ c6 5. Be2 Nbd7 6. Nf3 e6 7. c4 Bb7 8. O-O Bd6 9. d4 Rc8 10. cxd5 exd5 11. Nh4 O-O 12. Nf5 Bb8 13. Ba3 c5 14. Nc3 Re8 15. Rc1 Nf8 16. dxc5 bxc5 17. Bf3 Ne6 18. Na4 Qd7 19. Bb2 Qc7 20. g3 d4 21. Nxc5 Nxc5 22. exd4 Qd7 23. dxc5 Qxd1 24. Bxd1 Ba6 25. Bxf6 gxf6 26. Bg4 Bxf1 27. Kxf1 Rcd8 28. c6 Bc7 29. Rc2 Kf8 30. h4 Re4 1/2-1/2

[Event "Scarborough Open 47th"]
[Site "Scarborough"]
[Date "2024.10.25"]
[Round "1.8"]
[White "Retout, Steve P"]
[Black "Mclean, Robert"]
[Result "0-1"]
[WhiteElo "2013"]
[BlackElo "2013"]
[PlyCount "114"]
[EventDate "2024.10.25"]
[EventType "swiss"]
[EventRounds "5"]
[EventCountry "ENG"]
[SourceTitle "BritBase"]
[Source "John Saunders"]
[SourceDate "2024.12.27"]
[SourceVersion "1"]
[SourceVersionDate "2024.12.27"]
[SourceQuality "1"]

1. c4 e6 2. g3 d5 3. Bg2 dxc4 4. Nf3 Nd7 5. Na3 Bxa3 6. bxa3 Ngf6 7. O-O O-O 8. Qc2 Nb6 9. Ne5 c6 10. Nxc4 Nxc4 11. Qxc4 e5 12. Bb2 Re8 13. d3 Qe7 14. Qb4 a5 15. Qxe7 Rxe7 16. Rac1 Bg4 17. Rfe1 Nd7 18. Ba1 f6 19. Rb1 Nf8 20. Bc3 Ne6 21. h3 Bh5 22. Kf1 Nd4 23. Bxd4 exd4 24. e4 dxe3 25. fxe3 Bg6 26. e4 Rd8 27. Re3 Rd4 28. Rd1 Bf7 29. Rd2 Re5 30. Ke2 Rc5 31. a4 Re5 32. Rb2 Re7 33. e5 fxe5 34. Re4 Bd5 35. Rxd4 exd4+ 36. Be4 Bxe4 37. dxe4 Rxe4+ 38. Kd3 Re3+ 39. Kxd4 Rxg3 40. Kc5 Rxh3 41. Kb6 Ra3 42. Kxb7 Rxa4 43. Kxc6 h5 44. Rh2 g6 45. Kb5 Ra3 46. Kc4 Kg7 47. Kd5 Kf6 48. Ke4 h4 49. Kf4 g5+ 50. Ke4 Ra4+ 51. Ke3 Kf5 52. Rf2+ Ke5 53. Rb2 Ra3+ 54. Kf2 Kf4 55. Kg2 g4 56. Kh2 Kf3 57. Rg2 Re3 0-1

[Event "Scarborough Open 47th"]
[Site "Scarborough"]
[Date "2024.10.25"]
[Round "1.9"]
[White "Potter, John M"]
[Black "Brencher, Paul"]
[Result "1/2-1/2"]
[WhiteElo "2027"]
[BlackElo "1920"]
[PlyCount "39"]
[EventDate "2024.10.25"]
[EventType "swiss"]
[EventRounds "5"]
[EventCountry "ENG"]
[SourceTitle "BritBase"]
[Source "John Saunders"]
[SourceDate "2024.12.27"]
[SourceVersion "1"]
[SourceVersionDate "2024.12.27"]
[SourceQuality "1"]

1. e4 c6 2. Nc3 d5 3. Nf3 Bg4 4. h3 Bxf3 5. Qxf3 e6 6. d3 d4 7. Nb1 Ne7 8. g4 Ng6 9. Nd2 a5 10. c3 c5 11. Nc4 Nc6 12. a4 Be7 13. Bd2 Nce5 14. Nxe5 Nxe5 15. Qg3 Ng6 16. Be2 Bg5 17. Bxg5 Qxg5 18. h4 Qf4 19. h5 Qxg3 20. fxg3 1/2-1/2

[Event "Scarborough Open 47th"]
[Site "Scarborough"]
[Date "2024.10.25"]
[Round "1.10"]
[White "Ganti, Shriaansh"]
[Black "Bharat Kumar, Balahari"]
[Result "0-1"]
[WhiteElo "1901"]
[BlackElo "2083"]
[PlyCount "136"]
[EventDate "2024.10.25"]
[EventType "swiss"]
[EventRounds "5"]
[EventCountry "ENG"]
[SourceTitle "BritBase"]
[Source "John Saunders"]
[SourceDate "2024.12.27"]
[SourceVersion "1"]
[SourceVersionDate "2024.12.27"]
[SourceQuality "1"]

1. e4 g6 2. d4 Bg7 3. Nc3 d6 4. Be3 a6 5. Qd2 b5 6. a4 b4 7. Na2 a5 8. c3 bxc3 9. Nxc3 h5 10. Rc1 Nf6 11. f3 Bb7 12. Bc4 O-O 13. Nge2 d5 14. Bd3 dxe4 15. fxe4 Ng4 16. h3 Nxe3 17. Qxe3 Nd7 18. g4 h4 19. Rf1 c5 20. Rd1 cxd4 21. Nxd4 Ne5 22. Bb5 Qc7 23. Nd5 Bxd5 24. exd5 Nc4 25. Bxc4 Qxc4 26. Nc6 e6 27. Ne7+ Kh7 28. Qg5 Qe4+ 29. Kf2 Bd4+ 30. Rxd4 Qxd4+ 31. Kg2 Rab8 32. Kh1 Qe4+ 33. Kg1 Qd4+ 34. Kh1 Kg7 35. dxe6 Qe4+ 36. Kg1 Qxe6 37. Nf5+ Kg8 38. Ne7+ Kg7 39. Nf5+ Kg8 40. Ne7+ Kh7 41. Qxh4+ Kg7 42. Qg5 Qb6+ 43. Rf2 Qe6 44. Nf5+ Kg8 45. Ne7+ Kg7 46. Nf5+ Kg8 47. Ne7+ Kh7 48. Qh4+ Kg7 49. Qg5 Rb3 50. Nf5+ Kg8 51. Nh6+ Kg7 52. Nf5+ Kg8 53. Nh6+ Kh7 54. Qc5 Qe1+ 55. Kg2 Qe4+ 56. Kh2 Qe8 57. Nf5 Qb8+ 58. Kg2 Qb7+ 59. Kh2 Rc8 60. Qe5 Qc7 61. Nd6 Rf8 62. h4 Rb6 63. Rf6 Qc2+ 64. Kg3 Rb3+ 65. Rf3 Rxb2 66. Kf4 Qh2+ 67. Rg3 Rb4+ 68. Kg5 f6+ 0-1

[Event "Scarborough Open 47th"]
[Site "Scarborough"]
[Date "2024.10.25"]
[Round "1.11"]
[White "Pal, Rohan"]
[Black "Melia, Alfie"]
[Result "1/2-1/2"]
[WhiteElo "2164"]
[BlackElo "1988"]
[PlyCount "102"]
[EventDate "2024.10.25"]
[EventType "swiss"]
[EventRounds "5"]
[EventCountry "ENG"]
[SourceTitle "BritBase"]
[Source "John Saunders"]
[SourceDate "2024.12.27"]
[SourceVersion "1"]
[SourceVersionDate "2024.12.27"]
[SourceQuality "1"]

1. e4 c6 2. Nf3 d5 3. Nc3 Bg4 4. h3 Bxf3 5. Qxf3 e6 6. d3 Nd7 7. Bd2 Qb6 8. O-O-O Bb4 9. Qg3 Ngf6 10. e5 Nh5 11. Qh4 g6 12. g4 Be7 13. Bg5 Bxg5+ 14. Qxg5 h6 15. Qd2 Ng7 16. d4 O-O-O 17. Qe3 Kb8 18. f4 h5 19. Bd3 c5 20. dxc5 Nxc5 21. Qf3 Nxd3+ 22. Qxd3 Rh7 23. Ne4 hxg4 24. Ng5 Rxh3 25. Nxh3 gxh3 26. Rxh3 Nh5 27. Qd4 Qa6 28. Ra3 Qb6 29. Qxb6 axb6 30. Rd4 Rh8 31. Rb4 Kc7 32. Rab3 Rb8 33. Kd2 Ra8 34. Rxb6 Rxa2 35. Rxb7+ Kc6 36. Rxf7 Ra4 37. Ke3 Ng3 38. c3 d4+ 39. Kf3 Nf5 40. Rbb7 dxc3 41. bxc3 Ra5 42. c4 Ra3+ 43. Ke2 Kc5 44. Rfc7+ Kd4 45. c5 Ra2+ 46. Kf3 Ra3+ 47. Ke2 Ra2+ 48. Kd1 Ne3+ 49. Kc1 Kc3 50. c6 Ra1+ 51. Rb1 Ra2 1/2-1/2

[Event "Scarborough Open 47th"]
[Site "Scarborough"]
[Date "2024.10.25"]
[Round "1.12"]
[White "Kilshaw, Joe"]
[Black "Luk, Danbe"]
[Result "0-1"]
[WhiteElo "1929"]
[BlackElo "1869"]
[PlyCount "32"]
[EventDate "2024.10.25"]
[EventType "swiss"]
[EventRounds "5"]
[EventCountry "ENG"]
[SourceTitle "BritBase"]
[Source "John Saunders"]
[SourceDate "2024.12.27"]
[SourceVersion "1"]
[SourceVersionDate "2024.12.27"]
[SourceQuality "1"]

1. d4 d5 2. Nc3 Nf6 3. Bf4 e6 4. Nb5 Na6 5. e3 c6 6. Nc3 c5 7. Bxa6 bxa6 8. Nf3 Bd6 9. Ne5 Qc7 10. O-O O-O 11. Ne2 Rb8 12. Rb1 cxd4 13. Qxd4 Nh5 14. Qc3 Qxc3 15. Nxc3 g5 16. g4 gxf4 0-1

[Event "Scarborough Open 47th"]
[Site "Scarborough"]
[Date "2024.10.25"]
[Round "1.13"]
[White "Fellowes, Billy"]
[Black "Cowan, Richard M"]
[Result "0-1"]
[WhiteElo "2085"]
[BlackElo "1884"]
[PlyCount "124"]
[EventDate "2024.10.25"]
[EventType "swiss"]
[EventRounds "5"]
[EventCountry "ENG"]
[SourceTitle "BritBase"]
[Source "John Saunders"]
[SourceDate "2024.12.27"]
[SourceVersion "1"]
[SourceVersionDate "2024.12.27"]
[SourceQuality "1"]

1. e4 c6 2. d4 d5 3. e5 Bf5 4. h4 Bd7 5. Bd3 e6 6. Nf3 c5 7. c3 Nc6 8. dxc5 Bxc5 9. b4 Be7 10. b5 Na5 11. Qa4 Qc7 12. Be3 Nc4 13. Bxc4 Qxc4 14. Qxc4 dxc4 15. a4 a6 16. b6 Bc6 17. Nbd2 Bd5 18. Nd4 h5 19. f3 Nh6 20. Kf2 f6 21. exf6 gxf6 22. a5 Nf7 23. Nc2 Rc8 24. Kf1 Rg8 25. Bf2 Ne5 26. Ne3 Kf7 27. Ra4 Bc6 28. Ra2 f5 29. Nc2 Nd3 30. Be3 e5 31. Ne1 Nxe1 32. Kxe1 Rxg2 33. Kf1 Rg6 34. Kf2 Bd5 35. Kf1 e4 36. fxe4 fxe4 37. Ke2 Rg4 38. Raa1 Bxh4 39. Raf1+ Ke6 40. Rh3 Rcg8 41. Rfh1 Rg2+ 42. Kf1 Bg5 43. Ke1 Bxe3 44. Rxe3 Rg1+ 45. Rxg1 Rxg1+ 46. Kf2 Rg4 47. Nf1 Rf4+ 48. Ke2 Rf3 49. Ng3 h4 50. Nf1 Ke5 51. Nh2 Rg3 52. Kf2 Kf4 53. Nf1 Rf3+ 54. Ke2 h3 55. Rxf3+ exf3+ 56. Kf2 Ke4 57. Kg3 Kd3 58. Kxh3 Kxc3 59. Ne3 Kd4 60. Nc2+ Kc5 61. Ne3 c3 62. Kg3 Be4 0-1

[Event "Scarborough Open 47th"]
[Site "Scarborough"]
[Date "2024.10.25"]
[Round "1.14"]
[White "Ridge, Michael"]
[Black "Lemeshev, Ilya"]
[Result "0-1"]
[WhiteElo "1885"]
[BlackElo "2156"]
[PlyCount "78"]
[EventDate "2024.10.25"]
[EventType "swiss"]
[EventRounds "5"]
[EventCountry "ENG"]
[SourceTitle "BritBase"]
[Source "John Saunders"]
[SourceDate "2024.12.27"]
[SourceVersion "1"]
[SourceVersionDate "2024.12.27"]
[SourceQuality "1"]

1. Nf3 Nf6 2. g3 d5 3. Bg2 e6 4. O-O Be7 5. d3 c5 6. Nbd2 Nc6 7. e4 O-O 8. e5 Nd7 9. Re1 Qc7 10. Qe2 b5 11. Nf1 Bb7 12. h4 d4 13. h5 h6 14. N1h2 Rfe8 15. Bf4 Nb4 16. g4 c4 17. dxc4 bxc4 18. Nxd4 Bxg2 19. Kxg2 Rab8 20. Ndf3 Nd5 21. Bc1 Rxb2 22. Qe4 Nc5 23. Qxc4 Rb4 24. Qf1 Ne4 25. Qd3 Nc5 26. Qf1 Rc8 27. c4 Nb6 28. g5 hxg5 29. Nxg5 Rxc4 30. Ngf3 Qc6 31. h6 gxh6 32. Bxh6 Kh7 33. Be3 Rg8+ 34. Kh1 Rh4 35. Qe2 Nc4 36. Rg1 Nxe5 37. Rxg8 Nxf3 38. Rg2 Nxh2 39. Kg1 Nf3+ 0-1

[Event "Scarborough Open 47th"]
[Site "Scarborough"]
[Date "2024.10.25"]
[Round "1.15"]
[White "Hamer, Martyn"]
[Black "Hariharan, Shambavi"]
[Result "1/2-1/2"]
[WhiteElo "2055"]
[BlackElo "1926"]
[PlyCount "54"]
[EventDate "2024.10.25"]
[EventType "swiss"]
[EventRounds "5"]
[EventCountry "ENG"]
[SourceTitle "BritBase"]
[Source "John Saunders"]
[SourceDate "2024.12.27"]
[SourceVersion "1"]
[SourceVersionDate "2024.12.27"]
[SourceQuality "1"]

1. Nf3 d5 2. d4 Nf6 3. c4 e6 4. g3 Bb4+ 5. Bd2 Be7 6. Bg2 O-O 7. Qc2 Nbd7 8. O-O c6 9. Bf4 Ne4 10. Nc3 f5 11. Ne5 g5 12. Nxd7 Bxd7 13. Be5 Be8 14. f3 Nd6 15. cxd5 cxd5 16. Qb3 Bc6 17. e4 Nc4 18. Rfd1 Ne3 19. Re1 Nxg2 20. Kxg2 fxe4 21. fxe4 Bf6 22. exd5 exd5 23. Qc2 Bxe5 24. Rxe5 Qf6 25. Rae1 Rae8 26. Qe2 Rxe5 27. Qxe5 Qf3+ 1/2-1/2

[Event "Scarborough Open 47th"]
[Site "Scarborough"]
[Date "2024.10.25"]
[Round "1.16"]
[White "Wareing, John P"]
[Black "Armstrong, Malcolm J"]
[Result "1/2-1/2"]
[WhiteElo "1906"]
[BlackElo "2025"]
[PlyCount "103"]
[EventDate "2024.10.25"]
[EventType "swiss"]
[EventRounds "5"]
[EventCountry "ENG"]
[SourceTitle "BritBase"]
[Source "John Saunders"]
[SourceDate "2024.12.27"]
[SourceVersion "1"]
[SourceVersionDate "2024.12.27"]
[SourceQuality "1"]

1. e4 c6 2. d4 d5 3. f3 dxe4 4. fxe4 e5 5. Nf3 Bg4 6. Bc4 Nd7 7. O-O Ngf6 8. c3 Bd6 9. Qb3 O-O 10. Bg5 Bxf3 11. Rxf3 Qb6 12. Qxb6 axb6 13. Nd2 b5 14. Bb3 h6 15. Bh4 Rad8 16. Raf1 Bb8 17. h3 Ba7 18. Bf2 Rfe8 19. Be3 Re7 20. g4 Rf8 21. Kg2 Ne8 22. h4 Nd6 23. g5 exd4 24. cxd4 g6 25. h5 Kh7 26. hxg6+ Kxg6 27. e5 Nc4 28. Bc2+ Kg7 29. gxh6+ Kh8 30. Nxc4 bxc4 31. Bg5 Rg8 32. Rg3 f6 33. exf6 Re2+ 34. Rf2 Rxf2+ 35. Kxf2 Bxd4+ 36. Kf3 Bxb2 37. h7 Rf8 38. Bf5 Nxf6 39. Bh6 Rf7 40. Bg6 Rd7 41. Rg2 Bd4 42. Re2 c5 43. Re6 b5 44. Ra6 Rxh7 45. Bxh7 Kxh7 46. Bg5 Kg6 47. Bxf6 Bxf6 48. Rc6 b4 49. Rxc5 b3 50. axb3 cxb3 51. Rb5 b2 52. Rxb2 1/2-1/2

[Event "Scarborough Open 47th"]
[Site "Scarborough"]
[Date "2024.10.25"]
[Round "1.17"]
[White "Elgar, Tim"]
[Black "Garnett, John S"]
[Result "1-0"]
[WhiteElo "2032"]
[BlackElo "1884"]
[PlyCount "57"]
[EventDate "2024.10.25"]
[EventType "swiss"]
[EventRounds "5"]
[EventCountry "ENG"]
[SourceTitle "BritBase"]
[Source "John Saunders"]
[SourceDate "2024.12.27"]
[SourceVersion "1"]
[SourceVersionDate "2024.12.27"]
[SourceQuality "1"]

1. Nf3 Nf6 2. g3 d5 3. Bg2 g6 4. c4 dxc4 5. Qa4+ c6 6. Qxc4 Bg7 7. O-O O-O 8. Qc2 Nbd7 9. d3 Nb6 10. Nc3 Nbd5 11. a3 Qa5 12. Bd2 Nxc3 13. bxc3 Qh5 14. Rab1 b6 15. c4 Bh3 16. Bc3 Bxg2 17. Kxg2 Rac8 18. Qb2 Ne8 19. a4 Bxc3 20. Qxc3 Nf6 21. Rb2 Rfd8 22. Rfb1 Nd7 23. a5 b5 24. cxb5 cxb5 25. Qb4 a6 26. Qxe7 Qd5 27. Rc1 Nc5 28. Rbc2 Re8 29. Qa7 1-0

[Event "Scarborough Open 47th"]
[Site "Scarborough"]
[Date "2024.10.25"]
[Round "1.18"]
[White "Booth, Steven B"]
[Black "Mason, Donald J"]
[Result "0-1"]
[WhiteElo "1938"]
[BlackElo "1993"]
[PlyCount "76"]
[EventDate "2024.10.25"]
[EventType "swiss"]
[EventRounds "5"]
[EventCountry "ENG"]
[SourceTitle "BritBase"]
[Source "John Saunders"]
[SourceDate "2024.12.27"]
[SourceVersion "1"]
[SourceVersionDate "2024.12.27"]
[SourceQuality "1"]

1. d4 Nf6 2. c4 g6 3. Nc3 Bg7 4. e4 d6 5. Be2 O-O 6. Nf3 Nbd7 7. O-O e5 8. d5 Nc5 9. Qc2 a5 10. Bg5 h6 11. Be3 b6 12. Nd2 Ng4 13. Bxg4 Bxg4 14. a3 a4 15. Bxc5 bxc5 16. Nxa4 Qg5 17. f3 Bd7 18. Nc3 h5 19. b4 Bh6 20. Nb3 cxb4 21. axb4 Rxa1 22. Rxa1 Qe3+ 23. Kh1 h4 24. Rf1 h3 25. g3 f5 26. Nd1 Qb6 27. b5 fxe4 28. Qxe4 Kg7 29. Qe2 Ra8 30. f4 Re8 31. Qb2 Bf5 32. Nf2 Qe3 33. Nd2 Kh7 34. g4 Bd3 35. Nxd3 Qxd3 36. Rf3 Qe2 37. g5 Bg7 38. f5 Qg2# 0-1

[Event "Scarborough Open 47th"]
[Site "Scarborough"]
[Date "2024.10.25"]
[Round "1.19"]
[White "Birtwistle, Nigel"]
[Black "Ponting, Andrew"]
[Result "1-0"]
[WhiteElo "2016"]
[BlackElo "1923"]
[PlyCount "45"]
[EventDate "2024.10.25"]
[EventType "swiss"]
[EventRounds "5"]
[EventCountry "ENG"]
[SourceTitle "BritBase"]
[Source "John Saunders"]
[SourceDate "2024.12.27"]
[SourceVersion "1"]
[SourceVersionDate "2024.12.27"]
[SourceQuality "1"]

1. d4 d5 2. Nf3 Nf6 3. g3 c6 4. Bg2 Bg4 5. c4 Bxf3 6. Bxf3 dxc4 7. O-O Nbd7 8. Qc2 e5 9. dxe5 Nxe5 10. Bg2 b5 11. Bf4 Nfd7 12. Qe4 Qc7 13. Bxe5 Qxe5 14. Qxc6 Rd8 15. Nc3 Qc5 16. Rad1 b4 17. Nb5 Qxc6 18. Bxc6 Bc5 19. Rxd7 Rxd7 20. Rd1 c3 21. bxc3 bxc3 22. Nxc3 O-O 23. Rxd7 1-0

[Event "Scarborough Open 47th"]
[Site "Scarborough"]
[Date "2024.10.25"]
[Round "1.20"]
[White "Stonehouse, Raymond"]
[Black "Hutchinson, Paul A"]
[Result "1-0"]
[WhiteElo "1927"]
[BlackElo "2040"]
[PlyCount "79"]
[EventDate "2024.10.25"]
[EventType "swiss"]
[EventRounds "5"]
[EventCountry "ENG"]
[SourceTitle "BritBase"]
[Source "John Saunders"]
[SourceDate "2024.12.27"]
[SourceVersion "1"]
[SourceVersionDate "2024.12.27"]
[SourceQuality "1"]

1. e4 d6 2. d4 Nf6 3. Nc3 c6 4. g3 Nbd7 5. Bg2 e5 6. Nge2 Be7 7. O-O Qc7 8. b3 Nf8 9. a4 Bg4 10. f3 Be6 11. Ba3 Rd8 12. Qe1 Ng6 13. Qf2 Bc8 14. dxe5 dxe5 15. Bxe7 Qxe7 16. Qxa7 Rd2 17. Qe3 Rd8 18. Nc1 O-O 19. Nd3 Be6 20. Qc5 Qc7 21. Rfd1 Nd7 22. Qe3 Rfe8 23. a5 Ra8 24. Nc5 Ngf8 25. Nxe6 Nxe6 26. Qd2 Ndc5 27. Qd6 Qxd6 28. Rxd6 Nd4 29. b4 Nxc2 30. Rb1 Ne6 31. Rd7 Rab8 32. Na4 Red8 33. Nc5 b6 34. Rxd8+ Rxd8 35. axb6 Rb8 36. b7 g6 37. Bh3 Ncd4 38. Ra1 Nc7 39. Bc8 Nc2 40. Ra4 {Black lost time} 1-0

[Event "Scarborough Open 47th"]
[Site "Scarborough"]
[Date "2024.10.25"]
[Round "1.22"]
[White "Richmond, Frank"]
[Black "Senior, Gary"]
[Result "0-1"]
[WhiteElo "1695"]
[BlackElo "2045"]
[PlyCount "64"]
[EventDate "2024.10.25"]
[EventType "swiss"]
[EventRounds "5"]
[EventCountry "ENG"]
[SourceTitle "BritBase"]
[Source "John Saunders"]
[SourceDate "2024.12.27"]
[SourceVersion "1"]
[SourceVersionDate "2024.12.27"]
[SourceQuality "1"]

1. e4 c5 2. Nf3 Nc6 3. Bb5 Qb6 4. Nc3 e6 5. Bxc6 Qxc6 6. d4 cxd4 7. Nxd4 Qc7 8. Ndb5 Qb8 9. f4 a6 10. Nd4 d6 11. Qf3 b5 12. O-O Nf6 13. Qg3 b4 14. Nce2 Nxe4 15. Qe3 Nf6 16. Qg3 Bb7 17. c3 Be4 18. cxb4 Qxb4 19. a3 Qa5 20. b4 Qh5 21. Nc3 Bb7 22. b5 Be7 23. a4 O-O 24. Ba3 Rfc8 25. Bb4 Rc4 26. Nc2 a5 27. Ba3 Nd7 28. Bb2 Bf6 29. Rfc1 Rac8 30. Ne3 R4c5 31. Kh1 Bxc3 32. Bxc3 Rxc3 0-1